| 000 | 01137cam a2200217 4500 | ||
|---|---|---|---|
| 001 | L130126 | ||
| 008 | 000000n2005 000 0 eng u | ||
| 035 | _a(Sirsi) u130126 | ||
| 041 | _aeng | ||
| 050 |
_a333.33 _c18 |
||
| 110 |
_aValuation Office Agency _93141 |
||
| 245 |
_aProperty market report - January 2005 _h[electronic resource] |
||
| 260 |
_aLondon _bValuation Office Agency _c2005 |
||
| 300 |
_a126p. _c30cm. |
||
| 520 | _aThe January 2005 web-based edition of this bi-annual report from the Valuation Office Agency (VOA). The report covers all the major sectors of the property market and is based on valuations prepared by the VOA's local offices of typical property types. Includes a commentary on the City of London commercial property market covering the last fifteen months. | ||
| 590 | _aIKA190705 | ||
| 651 | 4 |
_aUnited Kingdom _y |
|
| 690 | _aPROPERTY-PROPERTY MARKET | ||
| 856 |
_uhttps://webarchive.nationalarchives.gov.uk/20110320170052/http://www.voa.gov.uk/publications/property_market_report/pmr-jan-2005/index.htm _zView the item free of charge at http://webarchive.nationalarchives.gov.uk |
||
| 942 | _n0 | ||
| 999 |
_c104359 _d104359 |
||